000 01824nam0a22003011 4500
001 v19\rc\1710442
005 20260406201701.0
035 _a(NLR Aleph) 004810371
090 _a4922065
_c4922065
100 _a20061002d1899 |||y0rusy50 ca
101 0 _arus
102 _aRU
105 _ay z |||||
200 1 _aПроект устава Медведниковских а) Приюта для заштатных священно-церковнослужителей Московской епархии и б) Богадельни для лиц разных сословий в сельце Поречье близ г. Звенигорода...
_e[Утв. 26 июня 1899 г.]
210 _aМосква
_d[1899]
215 _a29 с.
309 _aБез тит. л. и обл.
517 0 _aПроект устава Медведниковского Приюта для заштатных священно-церковнослужителей Московской епархии
517 0 _aПроект устава Медведниковской Богадельни для лиц разных сословий в сельце Поречье близ г. Звенигорода
710 0 2 _aПоречский приют для заштатных священно-церковнослужителей Московской епархии А.К.Медведниковой
_cМоск. губ.
_3RU\NLR\AUTH\889932228
_9359787
712 0 2 _aПоречская богадельня для лиц разных сословий А. К. Медведниковой
_cМосковская губ.
_3RU\NLR\AUTH\889961468
_9419231
801 0 _aRU
_bNLR
_gpsbo
801 0 _aRU
_bRuMoRGB
_2psbo
801 1 _aRU
_bProSoft-M
_2rusmarc
852 _aNLR
_j20.60.6.367
899 _aRuMoRGB
_jF 51/223
942 _cBOOK
980 _aNB